E-Business
Rozdelenie e-businessu do niekoľkých špecifických oblastí využitia. Využitie internej siete tzv. Intranet, Extranet, obchodovanie business to business (B2B), obchodovanie business to consumer (B2C), consumer to consumer (C2C), consumer to business (C2B). Rozdelenie e-businessu z obchodného hľadiska...
Salvato in:
| Autore principale: | |
|---|---|
| Natura: | Capitolo di libro |
| Lingua: | slovacco |
| Soggetti: | |
| Tags: |
Nessun Tag, puoi essere il primo ad aggiungerne!!
|
MARC
| LEADER | 00000naa$a2200000$$$4500 | ||
|---|---|---|---|
| 001 | 0031838 | ||
| 005 | 20230118073328.5 | ||
| 041 | 0 | |a slo | |
| 044 | |a SK | ||
| 245 | 1 | 0 | |a E-Business |c Gustáv Kovács |
| 520 | |a Rozdelenie e-businessu do niekoľkých špecifických oblastí využitia. Využitie internej siete tzv. Intranet, Extranet, obchodovanie business to business (B2B), obchodovanie business to consumer (B2C), consumer to consumer (C2C), consumer to business (C2B). Rozdelenie e-businessu z obchodného hľadiska do niekoľkých vzájomne súvisiacich kategórií. (E.Auctioning, E-Banking, E-Commerce, E-Directories, E-Engineering. E-Franchising a iné.) | ||
| 610 | 2 | 0 | |a obchod elektronický |
| 610 | 2 | 0 | |a podnikanie elektronické |
| 610 | 2 | 0 | |a internet |
| 100 | 1 | |a Kovács, Gustáv | |